000 00629nam a2200181 a 4500
008 120416s1966 ||||||||||||||||| || u
020 _a0521093678
050 _aQD 905 Eva
100 _aEvans, R. C
245 1 3 _aAn introduction to crystal chemistry
250 _a2nd ed.
260 _aCambridge
_bThe University Press
_c1966
300 _axii, 410p.
350 _a0.00
650 0 _aCHEMISTRY--HANDBOOKS, MANUALS, ETC
650 _aCRYSTAL CHEMISTRY
995 _D0.00
_FCBU-MAIN LIBRARY (Kitwe)
_H1
_I11.00
_M1
_UAVAILABLE
_WMar 15, 2007
_ZAnnex Low-Usage Collection
999 _c47681
_d47681